000 00836cam a22002533a 4500
001 32191
003 PGUSA
005 20140828083710.0
008 100502s2010||||xxu|||||s|||||000 1 eng d
040 _aPGUSA
_beng
042 _adc
050 4 _aPS
100 1 _aRisley, R. V.
_q(Richard Voorhees),
_d1874-1904
245 1 4 _aThe Sentimental Vikings
_h[electronic resource] /
_cR. V. Risley
260 _bProject Gutenberg,
_c2010
505 0 _aThe sweeping of the hall -- An incident -- Where the wolves dance -- The sacrilege -- The story of the Oar-Captain -- The last voyage.
506 _aPublic domain in the USA.
516 _aElectronic text
653 _aVikings -- Fiction
653 _aShort stories, American
830 0 _aProject Gutenberg
_v32191
856 4 0 _uhttp://www.gutenberg.org/ebooks/32191
942 _cEB
999 _c261446
_d261446